[Event "BL 1920 (Women)"]
[Site "Germany"]
[Date "2021.09.03"]
[Round "9.5"]
[White "Troyke, Doreen"]
[Black "Manusina, Nicole"]
[Result "0-1"]
[WhiteElo "2036"]
[BlackElo "1992"]
[PlyCount "44"]
[EventDate "2019.09.14"]
[EventType "team-tourn"]
[EventRounds "11"]
[EventCountry "GER"]
[SourceTitle "EXT 2022"]
[Source "ChessBase"]
[SourceDate "2021.10.06"]
[SourceVersion "1"]
[SourceVersionDate "2021.10.06"]
[SourceQuality "1"]
[WhiteTeam "Erfurt Medizin (W)"]
[BlackTeam "Lehrte (W)"]
[WhiteTeamCountry "GER"]
[BlackTeamCountry "GER"]

1. c4 e5 2. g3 Nf6 3. Bg2 d5 4. cxd5 Nxd5 5. Nc3 Nb6 6. d3 Be7 7. Nf3 Nc6 8. 0-0 0-0 9. Be3 Be6 10. Ne4 f5 11. Nc5 Bd5 12. Qc1 Nd4 13. Bxd4 exd4 14. Nxd4 Bxg2 15. Nde6 Qd5 16. e4 fxe4 17. Kxg2 exd3+ 18. Kg1 Bxc5 19. Nxc5 Nc4 20. Nb3 Rae8 21. Qc3 Re2 22. Nc1 Ne3 0-1

[Event "Oberliga Nord W 1920"]
[Site "Germany"]
[Date "2021.07.10"]
[Round "8.6"]
[White "Belov, Igor1111"]
[Black "Manusina, Nicole"]
[Result "1/2-1/2"]
[WhiteElo "2041"]
[BlackElo "1996"]
[PlyCount "92"]
[EventDate "2019.09.29"]
[EventType "team-tourn"]
[EventRounds "9"]
[EventCountry "GER"]
[SourceTitle "EXT 2023"]
[Source "ChessBase"]
[SourceDate "2022.10.05"]
[SourceVersion "1"]
[SourceVersionDate "2022.10.05"]
[SourceQuality "1"]
[WhiteTeam "Hameln"]
[BlackTeam "Lehrte"]
[WhiteTeamCountry "GER"]
[BlackTeamCountry "GER"]

1. c4 Nf6 2. Nc3 g6 3. e4 d6 4. g3 Bg7 5. Bg2 0-0 6. Nge2 c5 7. 0-0 Nc6 8. d3 a6 9. f4 Rb8 10. Rb1 Bd7 11. h3 b5 12. b3 bxc4 13. dxc4 Ne8 14. Kh2 Nc7 15. Nd5 Ne6 16. f5 Ned4 17. Nxd4 cxd4 18. Bg5 f6 19. Bd2 e6 20. fxe6 Bxe6 21. Nf4 Bf7 22. Nd5 Bxd5 23. exd5 Ne7 24. h4 f5 25. Bg5 h6 26. Bf4 Rb6 27. Re1 Kh7 28. Re6 Ng8 29. Qd2 Nf6 30. Bf3 Re8 31. Rbe1 Rxe6 32. Rxe6 Nd7 33. Rxd6 Rxd6 34. Bxd6 Nf6 35. Bf4 Ne4 36. Qc2 Qe7 37. Bxe4 fxe4 38. d6 Qe6 39. Kg2 h5 40. d7 d3 41. d8Q dxc2 42. Qd2 Qg4 43. Qxc2 Qf3+ 44. Kh2 Bh6 45. Qd2 Bxf4 46. Qxf4 Qe2+ 1/2-1/2

[Event "BL 1920 (Women)"]
[Site "Germany"]
[Date "2020.02.16"]
[Round "8.5"]
[White "Manusina, Nicole"]
[Black "Klek, Hanna Marie"]
[Result "0-1"]
[WhiteElo "1992"]
[BlackElo "2246"]
[PlyCount "68"]
[EventDate "2019.09.14"]
[EventType "team-tourn"]
[EventRounds "11"]
[EventCountry "GER"]
[SourceTitle "CBM 195 Extra"]
[Source "ChessBase"]
[SourceDate "2020.05.31"]
[SourceVersion "1"]
[SourceVersionDate "2020.05.31"]
[SourceQuality "1"]
[WhiteTeam "Lehrte (W)"]
[BlackTeam "Deizisau (W)"]
[WhiteTeamCountry "GER"]
[BlackTeamCountry "GER"]

1. d4 Nf6 2. c4 g6 3. Nc3 Bg7 4. e4 d6 5. f3 0-0 6. Be3 a6 7. Qd2 Nbd7 8. Bd3 c6 9. Nge2 b5 10. cxb5 axb5 11. g4 e5 12. h3 b4 13. Nd1 d5 14. 0-0 exd4 15. Nxd4 Ne5 16. Be2 dxe4 17. f4 Nd3 18. Nxc6 Qd6 19. Ne5 Rd8 20. Nxd3 exd3 21. Bf3 Ra4 22. Rc1 Rxa2 23. Rc6 Qd7 24. Bb6 Re8 25. Qxb4 Nd5 26. Qc4 Nxb6 27. Qxa2 Bb7 28. Rd6 Bd4+ 29. Kh2 Re2+ 30. Bxe2 dxe2 31. Re1 exd1Q 32. Rxd1 Qxd6 33. Kg3 Bf2+ 34. Kxf2 Qxd1 0-1

[Event "BL 1718 (Women)"]
[Site "Germany"]
[Date "2018.02.18"]
[Round "9.3"]
[White "Savina, Anastasia"]
[Black "Manusina, Nicole"]
[Result "1/2-1/2"]
[WhiteElo "2356"]
[BlackElo "1924"]
[PlyCount "84"]
[EventDate "2017.10.01"]
[EventType "team-tourn"]
[EventRounds "11"]
[EventCountry "GER"]
[SourceTitle "EXT 2019"]
[Source "ChessBase"]
[SourceDate "2018.10.10"]
[SourceVersion "1"]
[SourceVersionDate "2018.10.10"]
[SourceQuality "1"]
[WhiteTeam "Bad Koenigshofen (W)"]
[BlackTeam "Lehrte (W)"]
[WhiteTeamCountry "GER"]
[BlackTeamCountry "GER"]

1. d4 d5 2. c4 dxc4 3. e3 Nf6 4. Bxc4 e6 5. Nf3 c5 6. 0-0 a6 7. b3 Nc6 8. Bb2 Qc7 9. Nbd2 b6 10. Rc1 Bb7 11. e4 cxd4 12. Nxd4 Bc5 13. Nxc6 Bxc6 14. e5 Nd7 15. Qg4 0-0 16. Ne4 Kh8 17. Bd3 Rfd8 18. Nd6 Nxe5 19. Bxe5 f5 20. Qg5 Rxd6 21. b4 Qd7 22. Bxd6 Bxd6 23. Rfd1 Ba4 24. Bc2 Bxc2 25. Rxc2 Bxh2+ 26. Kxh2 Qxd1 27. Rd2 h6 28. Qxh6+ gxh6 29. Rxd1 b5 30. Rd6 a5 31. a3 axb4 32. axb4 Ra4 33. Rxe6 Rxb4 34. Rxh6+ Kg7 35. Rb6 Rb3 36. f4 b4 37. g3 Rb1 38. Kh3 Rh1+ 39. Kg2 Rb1 40. Kh3 Rh1+ 41. Kg2 Rb1 42. Kh3 Rh1+ 1/2-1/2

[Event "BL 1617 (Women)"]
[Site "Germany"]
[Date "2017.04.29"]
[Round "9.6"]
[White "Manusina, Nicole"]
[Black "V D Weth V Nordheim, Petra"]
[Result "1-0"]
[WhiteElo "1842"]
[BlackElo "1985"]
[PlyCount "55"]
[EventDate "2016.10.22"]
[EventType "team-tourn"]
[EventRounds "11"]
[EventCountry "GER"]
[SourceTitle "EXT 2018"]
[Source "ChessBase"]
[SourceDate "2017.10.13"]
[SourceVersion "1"]
[SourceVersionDate "2017.10.13"]
[SourceQuality "1"]
[WhiteTeam "Lehrte (W)"]
[BlackTeam "Erfurt Medizin (W)"]
[WhiteTeamCountry "GER"]
[BlackTeamCountry "GER"]

1. d4 d5 2. c4 e6 3. Nc3 Nf6 4. Bg5 c6 5. e3 Bb4 6. Qc2 Nbd7 7. cxd5 exd5 8. Bd3 h6 9. Bh4 0-0 10. Nf3 Qa5 11. 0-0 Bxc3 12. bxc3 b5 13. a4 Qb6 14. Rfb1 Ba6 15. axb5 Bxb5 16. c4 dxc4 17. Bxc4 Rac8 18. Bxf6 Nxf6 19. Ne5 a6 20. Qf5 Qc7 21. Rc1 Qb7 22. Rab1 Rc7 23. Ba2 Ne8 24. Qf4 Nd6 25. Rc5 Qc8 26. Rbc1 Nb7 27. R5c3 Nd8 28. d5 1-0

[Event "GER-chT U20 Girls"]
[Site "Borken"]
[Date "2016.12.30"]
[Round "7.3"]
[White "Manusina, Nicole"]
[Black "Peglau, Charis"]
[Result "1-0"]
[WhiteElo "1909"]
[BlackElo "1322"]
[PlyCount "45"]
[EventDate "2016.12.27"]
[EventType "team-swiss"]
[EventRounds "7"]
[EventCountry "GER"]
[SourceTitle "EXT 2018"]
[Source "ChessBase"]
[SourceDate "2017.10.13"]
[SourceVersion "1"]
[SourceVersionDate "2017.10.13"]
[SourceQuality "1"]
[WhiteTeam "Lehrte"]
[BlackTeam "Bannewitz"]
[WhiteTeamCountry "GER"]
[BlackTeamCountry "GER"]

1. d4 Nf6 2. c4 c5 3. Nf3 g6 4. Nc3 Bg7 5. e4 d6 6. Be2 0-0 7. h3 cxd4 8. Nxd4 Nc6 9. Be3 Bd7 10. 0-0 a6 11. Qd2 Qc7 12. f3 Ne5 13. b3 Rfc8 14. Rac1 Rab8 15. Nd5 Nxd5 16. cxd5 Qd8 17. f4 Nc6 18. dxc6 bxc6 19. Bxa6 Rc7 20. Bc4 c5 21. Nf3 Kf8 22. Ng5 f6 23. Qd5 1-0

[Event "BL 1516 (Women)"]
[Site "Germany"]
[Date "2016.01.24"]
[Round "7.3"]
[White "Manusina, Nicole"]
[Black "Klek, Hanna Marie"]
[Result "0-1"]
[WhiteElo "1847"]
[BlackElo "2281"]
[PlyCount "100"]
[EventDate "2015.09.26"]
[EventType "team-tourn"]
[EventRounds "11"]
[EventCountry "GER"]
[SourceTitle "EXT 2017"]
[Source "ChessBase"]
[SourceDate "2016.10.25"]
[SourceVersion "1"]
[SourceVersionDate "2016.10.25"]
[SourceQuality "1"]
[WhiteTeam "Lehrte (W)"]
[BlackTeam "Deizisau (W)"]
[WhiteTeamCountry "GER"]
[BlackTeamCountry "GER"]

1. d4 d6 2. c4 g6 3. Nc3 Bg7 4. e4 Nf6 5. f3 0-0 6. Be3 Nbd7 7. Qd2 a6 8. Bd3 c6 9. a4 Qa5 10. Nge2 b5 11. 0-0 bxc4 12. Bxc4 Qb4 13. Bd3 c5 14. a5 cxd4 15. Nxd4 Nc5 16. Be2 Re8 17. Rfd1 Nfd7 18. Qc2 e5 19. Nc6 Qb7 20. Bc4 Qc7 21. b4 Bb7 22. bxc5 dxc5 23. Qb3 Nf8 24. Bxc5 Bxc6 25. Bb6 Qe7 26. Nd5 Bxd5 27. Rxd5 Ne6 28. Qa4 Qg5 29. Rd7 Bf8 30. Bxe6 Rxe6 31. Qc4 h5 32. Rad1 Qf6 33. R7d5 Rc6 34. Qd3 Kh7 35. Rd8 Rxd8 36. Qxd8 Bc5+ 37. Bxc5 Qxd8 38. Rxd8 Rxc5 39. Rd5 Rxd5 40. exd5 Kg7 41. Kf2 Kf6 42. g4 hxg4 43. fxg4 g5 44. Kf3 Ke7 45. Ke3 Kd6 46. Ke4 f6 47. h3 Kc5 48. Ke3 Kxd5 49. Kd3 e4+ 50. Ke3 Ke5 0-1

[Event "BL 1415 (Women)"]
[Site "Germany"]
[Date "2015.03.29"]
[Round "9.3"]
[White "Arakhamia Grant, Ketevan"]
[Black "Manusina, Nicole"]
[Result "1-0"]
[WhiteElo "2386"]
[BlackElo "1869"]
[PlyCount "133"]
[EventDate "2014.09.27"]
[EventType "team-tourn"]
[EventRounds "11"]
[EventCountry "GER"]
[SourceTitle "CBM 166 Extra"]
[Source "ChessBase"]
[SourceDate "2015.06.18"]
[SourceVersion "1"]
[SourceVersionDate "2015.06.18"]
[SourceQuality "1"]
[WhiteTeam "Baden-Baden (W)"]
[BlackTeam "Lehrte (W)"]
[WhiteTeamCountry "GER"]
[BlackTeamCountry "GER"]

1. e4 c6 2. d4 d5 3. Nc3 dxe4 4. Nxe4 Bf5 5. Ng3 Bg6 6. h4 h6 7. Nf3 Nd7 8. h5 Bh7 9. Bd3 Bxd3 10. Qxd3 e6 11. Bd2 Qc7 12. 0-0-0 0-0-0 13. Ne4 Ngf6 14. g3 Nxe4 15. Qxe4 Nf6 16. Qe2 Rd5 17. Bf4 Qa5 18. c4 Rxh5 19. Ne5 Rxe5 20. dxe5 Nd7 21. Kb1 Be7 22. g4 Qc5 23. Rd2 Nb6 24. b3 Qb4 25. Rb2 a5 26. Bd2 Qa3 27. Be3 Bc5 28. Bxc5 Qxc5 29. f4 a4 30. Rd1 axb3 31. axb3 Qb4 32. Qd3 Re8 33. Qd4 g6 34. Qd3 Qe7 35. Rbd2 Qb4 36. Ra2 Qe7 37. Kc2 Qc7 38. Qd6 Rd8 39. Qxd8+ Qxd8 40. Rxd8+ Kxd8 41. Kd3 g5 42. Ke4 Nd7 43. b4 Nb6 44. Kd4 Nd7 45. f5 f6 46. exf6 e5+ 47. Ke4 Nxf6+ 48. Kxe5 Ke7 49. Rg2 b6 50. Rg1 Nd7+ 51. Ke4 Nf6+ 52. Kf3 Kf7 53. Ra1 Ke7 54. Re1+ Kf7 55. Re6 Nd7 56. Kg3 c5 57. b5 Kf8 58. Rxh6 Ne5 59. Rf6+ Kg7 60. Rxb6 Nxc4 61. Rc6 Kf7 62. Rxc5 Nd6 63. Rc7+ Ke8 64. b6 Kd8 65. Rc6 Nb7 66. Kf3 Na5 67. Rc7 1-0

[Event "GER-chT U20 Girls"]
[Site "Naumburg Saale"]
[Date "2014.12.28"]
[Round "4.4"]
[White "Hagenbeck Huebert, Lara"]
[Black "Manusina, Nicole"]
[Result "1/2-1/2"]
[WhiteElo "1512"]
[BlackElo "1881"]
[PlyCount "49"]
[EventDate "2014.12.27"]
[EventType "team-swiss"]
[EventRounds "7"]
[EventCountry "GER"]
[SourceTitle "EXT 2016"]
[Source "ChessBase"]
[SourceDate "2015.10.08"]
[SourceVersion "1"]
[SourceVersionDate "2015.10.08"]
[SourceQuality "1"]
[WhiteTeam "Grimma"]
[BlackTeam "Lehrte"]
[WhiteTeamCountry "GER"]
[BlackTeamCountry "GER"]

1. d4 d5 2. Nf3 Nf6 3. c4 dxc4 4. e3 e6 5. Nc3 a6 6. Bxc4 c5 7. a4 cxd4 8. Qxd4 Qxd4 9. Nxd4 Be7 10. 0-0 0-0 11. b3 Bd7 12. Bb2 Nc6 13. Nf3 Na5 14. Ne5 Nxc4 15. Nxc4 Rad8 16. Ne5 Bc8 17. Rfd1 Nd7 18. Ne4 Nb6 19. Bd4 Nd5 20. Nc4 h6 21. Nb6 Bb4 22. Rac1 Ba3 23. Ra1 Bb4 24. Rac1 Ba3 25. Ra1 1/2-1/2

[Event "BL 1415 (Women)"]
[Site "Germany"]
[Date "2014.09.27"]
[Round "1.6"]
[White "Frey, Alisa"]
[Black "Manusina, Nicole"]
[Result "1-0"]
[WhiteElo "2105"]
[BlackElo "1869"]
[PlyCount "103"]
[EventDate "2014.09.27"]
[EventType "team-tourn"]
[EventRounds "11"]
[EventCountry "GER"]
[SourceTitle "CBM 166 Extra"]
[Source "ChessBase"]
[SourceDate "2015.06.18"]
[SourceVersion "1"]
[SourceVersionDate "2015.06.18"]
[SourceQuality "1"]
[WhiteTeam "Friedberg (W)"]
[BlackTeam "Lehrte (W)"]
[WhiteTeamCountry "GER"]
[BlackTeamCountry "GER"]

1. e4 c6 2. d4 d5 3. e5 c5 4. dxc5 Nc6 5. Bb5 e6 6. Be3 Nge7 7. a3 Qc7 8. Nf3 Bd7 9. Nc3 Nf5 10. Bxc6 Qxc6 11. b4 Nxe3 12. fxe3 b6 13. Nd4 Qc8 14. Qf3 bxc5 15. 0-0 cxd4 16. Qxf7+ Kd8 17. Nxd5 Be8 18. Qf3 Bc6 19. e4 exd5 20. exd5 Bb5 21. Rfd1 Qc3 22. Qf5 Be7 23. d6 Qe3+ 24. Kh1 Bh4 25. e6 Be2 26. Qd5 Rb8 27. Rxd4 Bf6 28. Re4 Qf2 29. e7+ Kd7 30. Qe6+ Kc6 31. d7+ Kc7 32. Rxe2 Qd4 33. d8Q+ Rbxd8 34. exd8Q+ Rxd8 35. Rae1 Rd6 36. Qf7+ Rd7 37. Qb3 Bh4 38. g3 Bf6 39. c4 Qg4 40. Qe3 Kc8 41. Qe4 Qxe4+ 42. Rxe4 Kc7 43. Kg2 Rd3 44. R1e3 Rd2+ 45. Kh3 h5 46. g4 h4 47. Re6 Bg5 48. Rf3 Rc2 49. c5 a5 50. Rf7+ Kd8 51. Ra6 Ke8 52. Rxg7 1-0

[Event "GER-ch U16 Girls"]
[Site "Magdeburg"]
[Date "2014.06.14"]
[Round "9"]
[White "Manusina, Nicole"]
[Black "Kempe, Anne"]
[Result "1-0"]
[WhiteElo "1841"]
[BlackElo "1844"]
[PlyCount "107"]
[EventDate "2014.06.08"]
[EventType "swiss"]
[EventRounds "9"]
[EventCountry "GER"]
[SourceTitle "CBM 160 Extra"]
[Source "ChessBase"]
[SourceDate "2014.07.01"]
[SourceVersion "1"]
[SourceVersionDate "2014.07.01"]
[SourceQuality "1"]

1. d4 g6 2. c4 Nf6 3. Nc3 Bg7 4. g3 0-0 5. Bg2 d6 6. Nf3 Nbd7 7. 0-0 c5 8. d5 Ng4 9. Nd2 Nb6 10. e4 Ne5 11. Qe2 a6 12. h3 e6 13. a4 exd5 14. cxd5 a5 15. f4 Ned7 16. Nf3 Re8 17. Qc2 Nb8 18. Nb5 Na6 19. Bd2 Qe7 20. Bxa5 Nd7 21. Rae1 b6 22. Bc3 Nf6 23. Nd2 Bd7 24. Nxd6 Nxd5 25. Nxe8 Ndb4 26. Qb1 Rxe8 27. Bxg7 Kxg7 28. b3 Qd6 29. Nc4 Qc7 30. Ne5 Rd8 31. Qb2 Kg8 32. Rd1 Bc6 33. Ng4 h5 34. Nh6+ Kf8 35. Qh8+ Ke7 36. Rxd8 Qxd8 37. Qxd8+ Kxd8 38. Nxf7+ Ke7 39. Ne5 Be8 40. Rd1 Nc2 41. Kf2 Nd4 42. Bf1 Nb4 43. Bc4 Kf6 44. Nf3 Nxf3 45. Kxf3 Bc6 46. Rd6+ Kg7 47. Bd5 Bxd5 48. exd5 Nc2 49. Rxb6 Nd4+ 50. Ke4 Nf5 51. g4 hxg4 52. hxg4 Ne7 53. Rb7 Kf8 54. Rxe7 1-0

[Event "GER-ch U16 Girls"]
[Site "Magdeburg"]
[Date "2014.06.12"]
[Round "7"]
[White "Manusina, Nicole"]
[Black "Schumann, Rabea"]
[Result "0-1"]
[WhiteElo "1841"]
[BlackElo "1753"]
[PlyCount "134"]
[EventDate "2014.06.08"]
[EventType "swiss"]
[EventRounds "9"]
[EventCountry "GER"]
[SourceTitle "CBM 160 Extra"]
[Source "ChessBase"]
[SourceDate "2014.07.01"]
[SourceVersion "1"]
[SourceVersionDate "2014.07.01"]
[SourceQuality "1"]

1. d4 d5 2. c4 e6 3. Nc3 Be7 4. Nf3 Nf6 5. Bg5 h6 6. Bh4 0-0 7. e3 Ne4 8. Bxe7 Qxe7 9. Bd3 Nxc3 10. bxc3 dxc4 11. Bxc4 b6 12. 0-0 Bb7 13. Re1 c5 14. e4 cxd4 15. cxd4 Nd7 16. Rc1 Nf6 17. Bd3 Rfc8 18. Qe2 Qa3 19. Rcd1 Rc7 20. Bb1 Rac8 21. Qd2 Bc6 22. Re3 Qa4 23. Bc2 Qxa2 24. e5 Bd5 25. Bd3 Qxd2 26. Nxd2 Rc1 27. Ree1 Rxd1 28. Rxd1 Ne8 29. Be4 Bxe4 30. Nxe4 a5 31. Kf1 Kf8 32. Ke2 Ke7 33. Rb1 Rc6 34. Kd3 Nc7 35. Nc3 Nd5 36. Nxd5+ exd5 37. Rb5 Ke6 38. f4 a4 39. Rb4 b5 40. Rxb5 Ra6 41. Rb2 Kf5 42. g3 a3 43. Ra2 Kg4 44. Ke3 g6 45. Kf2 g5 46. fxg5 hxg5 47. Ke3 Ra4 48. Kf2 Kf5 49. Ke3 f6 50. exf6 Kxf6 51. g4 Ke6 52. Kd3 Kd6 53. Kc3 Kc6 54. Kb3 Kb5 55. h4 gxh4 56. g5 h3 57. g6 Rxd4 58. g7 Rg4 59. Rh2 Rxg7 60. Rxh3 Ra7 61. Ka2 Kc4 62. Rh4+ d4 63. Rh8 d3 64. Rc8+ Kd4 65. Rd8+ Kc3 66. Rc8+ Kd2 67. Rd8 Ra4 0-1

[Event "Niedersachsen-ch U16"]
[Site "Norderney"]
[Date "2014.04.13"]
[Round "3"]
[White "Manusina, Nicole"]
[Black "Boehm, Jana"]
[Result "1/2-1/2"]
[WhiteElo "1850"]
[BlackElo "1749"]
[PlyCount "60"]
[EventDate "2014.04.??"]
[EventType "swiss"]
[EventRounds "9"]
[EventCountry "GER"]
[SourceTitle "EXT 2017"]
[Source "ChessBase"]
[SourceDate "2016.10.25"]
[SourceVersion "1"]
[SourceVersionDate "2016.10.25"]
[SourceQuality "1"]

1. b3 e5 2. Bb2 Nc6 3. e3 Nf6 4. Nf3 d6 5. d4 exd4 6. Nxd4 Bd7 7. Be2 Be7 8. 0-0 0-0 9. Nd2 Nxd4 10. Bxd4 c5 11. Bb2 d5 12. c4 Bc6 13. cxd5 Nxd5 14. Bf3 Nb4 15. Bxc6 Nxc6 16. Ne4 Qxd1 17. Rfxd1 Rfd8 18. Kf1 Rac8 19. Rac1 b6 20. Bc3 Rxd1+ 21. Rxd1 Rd8 22. Rxd8+ Nxd8 23. Ke2 f6 24. Kd3 b5 25. a4 a6 26. axb5 axb5 27. Ba5 Nc6 28. Bc3 Kf7 29. Nd2 Ke6 30. f4 g6 1/2-1/2

[Event "Niedersachsen-ch U16"]
[Site "Norderney"]
[Date "2014.04.12"]
[Round "1"]
[White "Boschen, Katharina"]
[Black "Manusina, Nicole"]
[Result "0-1"]
[WhiteElo "1252"]
[BlackElo "1850"]
[PlyCount "78"]
[EventDate "2014.04.??"]
[EventType "swiss"]
[EventRounds "9"]
[EventCountry "GER"]
[SourceTitle "EXT 2017"]
[Source "ChessBase"]
[SourceDate "2016.10.25"]
[SourceVersion "1"]
[SourceVersionDate "2016.10.25"]
[SourceQuality "1"]

1. e4 c6 2. d4 d5 3. exd5 cxd5 4. Nf3 Nc6 5. Bb5 e6 6. 0-0 Bd6 7. Ne5 Nge7 8. Qf3 0-0 9. c3 Nxe5 10. dxe5 Bxe5 11. Bf4 Bxf4 12. Qxf4 Ng6 13. Qg3 Qb6 14. a4 a6 15. Bd3 Qxb2 16. Ra3 Qb6 17. Bxg6 hxg6 18. Nd2 Qc5 19. Rb3 b5 20. Ra1 Bd7 21. a5 Rac8 22. Qe3 Qxe3 23. fxe3 Rc5 24. Nf3 Rfc8 25. Ne5 Be8 26. Raa3 f6 27. Nd3 R5c6 28. Nb4 Rd6 29. Kf2 e5 30. Ra1 Bf7 31. Rba3 Rc4 32. Rd1 Kf8 33. Rd3 Ke7 34. Rb3 d4 35. e4 f5 36. Kf3 fxe4+ 37. Kxe4 dxc3+ 38. Kxe5 Re6+ 39. Kd5 Ree4# 0-1

[Event "BL 1314 (Women)"]
[Site "Germany"]
[Date "2014.03.30"]
[Round "11.4"]
[White "Just, Anita"]
[Black "Manusina, Nicole"]
[Result "0-1"]
[WhiteElo "2014"]
[BlackElo "1815"]
[PlyCount "128"]
[EventDate "2013.10.04"]
[EventType "team-tourn"]
[EventRounds "11"]
[EventCountry "GER"]
[SourceTitle "EXT 2018"]
[Source "ChessBase"]
[SourceDate "2017.10.13"]
[SourceVersion "1"]
[SourceVersionDate "2017.10.13"]
[SourceQuality "1"]
[WhiteTeam "Leipzig WBA (W)"]
[BlackTeam "Lehrte (W)"]
[WhiteTeamCountry "GER"]
[BlackTeamCountry "GER"]

1. e4 c6 2. d4 d5 3. Nc3 dxe4 4. Nxe4 Bf5 5. Ng3 Bg6 6. h4 h6 7. Nf3 Nd7 8. h5 Bh7 9. Bd3 Bxd3 10. Qxd3 e6 11. Bf4 Qa5+ 12. Bd2 Qc7 13. 0-0-0 Ngf6 14. Ne4 Nxe4 15. Qxe4 0-0-0 16. Kb1 c5 17. Bf4 Bd6 18. Bxd6 Qxd6 19. Qe2 Kb8 20. Qe3 cxd4 21. Rxd4 Qc7 22. Rhd1 Nf6 23. Qe5 Rxd4 24. Rxd4 Qxe5 25. Nxe5 Nxh5 26. Nxf7 Rf8 27. Rd8+ Rxd8 28. Nxd8 e5 29. Nf7 e4 30. Nd6 Nf6 31. Kc1 Kc7 32. Nb5+ Kb6 33. Nc3 Kc5 34. Kd2 h5 35. Ke3 Ng4+ 36. Ke2 Nf6 37. Nd1 Kd4 38. Ne3 g6 39. c3+ Ke5 40. Nc4+ Kd5 41. Na5 b5 42. Nb7 h4 43. Nd8 g5 44. f3 Ke5 45. Nc6+ Kf4 46. Nd4 Kg3 47. Kf1 exf3 48. Nxf3 Ne4 49. Nd4 a6 50. Ne2+ Kh2 51. Nd4 g4 52. Nf5 Ng3+ 53. Nxg3 Kxg3 54. Kg1 Kf4 55. Kf2 Ke4 56. Ke2 a5 57. b3 h3 58. gxh3 gxh3 59. Kf2 Kd3 60. c4 bxc4 61. bxc4 Kxc4 62. Kg3 Kb4 63. Kxh3 Ka3 64. Kg2 Kxa2 0-1

[Event "BL 1314 (Women)"]
[Site "Germany"]
[Date "2014.03.09"]
[Round "9.5"]
[White "Jahn, Constanze"]
[Black "Manusina, Nicole"]
[Result "1/2-1/2"]
[WhiteElo "2129"]
[BlackElo "1815"]
[PlyCount "69"]
[EventDate "2013.10.04"]
[EventType "team-tourn"]
[EventRounds "11"]
[EventCountry "GER"]
[SourceTitle "EXT 2018"]
[Source "ChessBase"]
[SourceDate "2017.10.13"]
[SourceVersion "1"]
[SourceVersionDate "2017.10.13"]
[SourceQuality "1"]
[WhiteTeam "Halle Volksbank (W)"]
[BlackTeam "Lehrte (W)"]
[WhiteTeamCountry "GER"]
[BlackTeamCountry "GER"]

1. e4 c6 2. Nf3 d5 3. exd5 cxd5 4. Ne5 Nc6 5. d4 g6 6. Bb5 Bd7 7. Nxd7 Qxd7 8. 0-0 Bg7 9. c3 Nf6 10. Nd2 0-0 11. Qe2 Rfe8 12. f4 a6 13. Bd3 b5 14. Nf3 Qb7 15. f5 Rf8 16. fxg6 hxg6 17. Ng5 Qd7 18. Qe1 Nh7 19. Nxh7 Kxh7 20. Bf4 Rae8 21. Be5 Nxe5 22. dxe5 Qe6 23. Qh4+ Bh6 24. Rae1 Rh8 25. Qf2 Kg7 26. a4 Rb8 27. axb5 axb5 28. Qd4 Bg5 29. g3 Rh7 30. Rf2 Rhh8 31. h4 Qh3 32. Rg2 Bd2 33. e6+ f6 34. Rd1 Bh6 35. Re1 1/2-1/2

[Event "BL 1314 (Women)"]
[Site "Germany"]
[Date "2014.03.08"]
[Round "8.5"]
[White "Manusina, Nicole"]
[Black "Olsarova, Karolina"]
[Result "0-1"]
[WhiteElo "1815"]
[BlackElo "2276"]
[PlyCount "106"]
[EventDate "2013.10.04"]
[EventType "team-tourn"]
[EventRounds "11"]
[EventCountry "GER"]
[SourceTitle "EXT 2018"]
[Source "ChessBase"]
[SourceDate "2017.10.13"]
[SourceVersion "1"]
[SourceVersionDate "2017.10.13"]
[SourceQuality "1"]
[WhiteTeam "Lehrte (W)"]
[BlackTeam "Grosslehna (W)"]
[WhiteTeamCountry "GER"]
[BlackTeamCountry "GER"]

1. d4 Nf6 2. c4 e6 3. Nc3 Bb4 4. Qc2 b6 5. Nf3 Bb7 6. e3 Bxc3+ 7. bxc3 Ne4 8. Bd3 f5 9. 0-0 0-0 10. Nd2 Qh4 11. f3 Nxd2 12. Qxd2 d6 13. Qe1 Qxe1 14. Rxe1 Nd7 15. e4 fxe4 16. fxe4 e5 17. Be3 Rae8 18. d5 Nf6 19. Rab1 Bc8 20. a4 a5 21. h3 Bd7 22. Bc2 h6 23. Rf1 Re7 24. Rf2 Be8 25. Rbf1 Nd7 26. Rxf8+ Nxf8 27. g4 Bg6 28. g5 hxg5 29. Bxg5 Re8 30. Kg2 Nd7 31. Re1 Rf8 32. h4 Bh5 33. Rf1 Rb8 34. Rf2 Nc5 35. Be3 Bg6 36. Bxc5 bxc5 37. Kf3 Rb2 38. Ke3 Ra2 39. Re2 Bh5 40. Rd2 Ra1 41. Rh2 Rf1 42. Bd3 Re1+ 43. Kd2 Ra1 44. Bc2 Be8 45. Ke3 Ra2 46. Rd2 Kh7 47. Bb3 Rxd2 48. Kxd2 Kh6 49. Bd1 Bh5 50. Bc2 Bg4 51. Ke3 Kh5 52. Kf2 Kxh4 53. Ke1 Kg3 0-1

[Event "BL 1314 (Women)"]
[Site "Germany"]
[Date "2013.10.06"]
[Round "2.5"]
[White "Lauterbach, Ingrid"]
[Black "Manusina, Nicole"]
[Result "1/2-1/2"]
[WhiteElo "2123"]
[BlackElo "1815"]
[PlyCount "112"]
[EventDate "2013.10.04"]
[EventType "team-tourn"]
[EventRounds "11"]
[EventCountry "GER"]
[SourceTitle "EXT 2018"]
[Source "ChessBase"]
[SourceDate "2017.10.13"]
[SourceVersion "1"]
[SourceVersionDate "2017.10.13"]
[SourceQuality "1"]
[WhiteTeam "Deizisau (W)"]
[BlackTeam "Lehrte (W)"]
[WhiteTeamCountry "GER"]
[BlackTeamCountry "GER"]

1. Nf3 e6 2. g3 Nf6 3. Bg2 d5 4. d3 c5 5. Nbd2 Nc6 6. e4 g6 7. 0-0 Bg7 8. c3 a5 9. exd5 Nxd5 10. Nb3 b6 11. a4 Ba6 12. Re1 0-0 13. d4 cxd4 14. Nbxd4 Nxd4 15. Nxd4 Rc8 16. h4 Nxc3 17. bxc3 Rxc3 18. Nc6 Rxc6 19. Ba3 Rc8 20. Rb1 Qxd1 21. Rexd1 Rfd8 22. Rxd8+ Rxd8 23. Rxb6 Bd3 24. Be7 Rc8 25. Rd6 Bc2 26. Ra6 Bc3 27. Bc6 Bd3 28. Bb5 Be4 29. Bg5 Kg7 30. Ra7 Rb8 31. Rc7 Be5 32. Rc1 Bf6 33. Bd2 Bd8 34. Bf4 Rb7 35. Rc8 Bb6 36. Bd6 Kf6 37. Kf1 Ra7 38. f4 Kf5 39. Be2 h5 40. Rc3 Rd7 41. Bf8 Rc7 42. Rxc7 Bxc7 43. Bc5 e5 44. fxe5 Bxe5 45. Kf2 Bc6 46. Bd1 Ke6 47. Bb6 Bc3 48. Bc7 Bd4+ 49. Ke2 Be5 50. Bxa5 Bxg3 51. Bd8 f6 52. Bb3+ Kf5 53. Bc2+ Kg4 54. Bxf6 Bxh4 55. Bxh4 Kxh4 56. Bxg6 Bxa4 1/2-1/2